Score 0/35 Timer 07:00
1 Play Today
% Correct
Aluminum
86.5%
Beryllium
86.4%
Osmium
85%
Lithium
84.6%
Astatine
84.2%
Einsteinium
84%
Helium
84%
Silicon
83.6%
Erbium
83.3%
Yttrium
82.9%
Selenium
82.8%
Thorium
82.5%
Tantalum
82.5%
Iron
82.4%
Scandium
82.2%
Holmium
82.2%
Carbon
81.6%
Gold
80.3%
% Correct
Iridium
79.8%
Sodium
77.9%
Potassium
77.3%
Dysprosium
76.8%
Germanium
76.5%
Platinum
75.9%
Lanthanum
75%
Tellurium
73.3%
Tungsten
72.8%
Phosphorus
72.5%
Argon
72.1%
Samarium
71.8%
Uranium
70.5%
Tennessine
68.6%
Manganese
66.9%
Arsenic
64.8%
Silver
62.7%

You're not logged in!

Compare scores with friends on all Sporcle quizzes.
OR
Log In

Sporcle TV

Today on Sporcle TV


Watch our educational content, quiz creation guides, and fun videos on Sporcle TV.

Show Comments

Extras

Top Quizzes Today


Score Distribution

Paid Content

Your Account Isn't Verified!

In order to create a playlist on Sporcle, you need to verify the email address you used during registration. Go to your Sporcle Settings to finish the process.

Report this User

Report this user for behavior that violates our Community Guidelines.

Details: